The influence of time upon vibratory compaction of the UO powder /

Uložené v:
Podrobná bibliografia
Hlavní autori: Živanović, B. (Author), Ristić, M. M. (Author)
Ďalší autori: Jovanović, D. (D.)
Médium: Kniha
Jazyk:French
Vydané: Vinča-Belgrade : Institute of nuclear sciences "Boris Kidrič", 1963.
Fyzický popis: 11 strán.
Tagy: Pridať tag
Žiadne tagy, Buďte prvý kto otaguje tento záznam!

MARC

LEADER 00000nam a22000002i 4500
001 000677693
005 20220301101216.0
008 220301s1963 rb e 000 0 fre d
020 |c Kčs 15,00  |q (brožované) 
040 |a SVKKK  |b slo  |c SVKKK  |e rda 
041 0 |a fre 
044 |a rb  |c RS 
100 1 |a Živanović, B.  |4 aut 
245 1 4 |a The influence of time upon vibratory compaction of the UO powder /  |c B. Živanović, D. Jovanović, M. M. Ristić. 
264 1 |a Vinča-Belgrade :  |b Institute of nuclear sciences "Boris Kidrič",  |c 1963. 
300 |a 11 strán. 
336 |a text  |b txt  |2 rdacontent 
337 |a bez média  |b n  |2 rdamedia 
338 |a zväzok  |b nc  |2 rdacarrier 
500 |a Záznam revízie 
700 1 |a Jovanović, D.  |4 D. 
700 1 |a Ristić, M. M.  |4 aut 
910 |a svkkk 
998 |a BK 
090 |g SCKHL  |k Sklad Pribinova 3. posch.  |a V0.2834  |j 017134  |i 2720834359  |s Vyradená